|
|
|
|
| LEADER |
00000cam a2200000 7i4500 |
| 001 |
0000014837 |
| 005 |
20220525.0 |
| 020 |
|
|
|a 9837410876
|
| 040 |
|
|
|a INS
|
| 090 |
0 |
0 |
|a KPG14
|b W86 1999
|
| 100 |
0 |
|
|a Wu Min Aun
|
| 245 |
1 |
4 |
|a The Malaysian legal system
|c Wu Min Aun
|
| 250 |
|
|
|a 2nd ed.
|
| 260 |
|
|
|a Petaling Jaya :
|b Pearson Malaysia Sdn Bhd ,
|c 1999
|
| 300 |
|
|
|a xx,332p. ;
|c 21cm.
|
| 440 |
|
0 |
|a Malaysian law series
|
| 650 |
0 |
0 |
|a Adat law
|z Malaysia
|
| 650 |
0 |
0 |
|a Constitutional history
|z Malaysia
|
| 650 |
0 |
0 |
|a Criminal law
|z Malaysia
|
| 650 |
0 |
0 |
|a Criminal procedure
|z Malaysia
|
| 650 |
0 |
0 |
|a Justice, Administration of
|z Malaysia
|
| 650 |
0 |
0 |
|a Law
|z Malaysia
|
| 650 |
0 |
0 |
|a Legislation
|z Malaysia
|
| 999 |
|
|
|a 0000008782
|b BOOK
|c Open Shelf
|e Default branch
|
| 999 |
|
|
|a 0000015181
|b BOOK
|c Open Shelf
|e Default branch
|
| 999 |
|
|
|a 0000015182
|b BOOK
|c Open Shelf
|e Default branch
|
| 999 |
|
|
|a 0000015183
|b BOOK
|c Open Shelf
|e Default branch
|
| 999 |
|
|
|a 0000015184
|b BOOK
|c Open Shelf
|e Default branch
|
| 999 |
|
|
|a 0000015185
|b BOOK
|c Open Shelf
|e Default branch
|
| 999 |
|
|
|a 0000015627
|b BOOK
|c Open Shelf
|e Default branch
|
| 999 |
|
|
|a 0000015628
|b BOOK
|c Open Shelf
|e Default branch
|
| 999 |
|
|
|a 0000015629
|b BOOK
|c Open Shelf
|e Default branch
|